000 01042nam a22002537a 4500
999 _c22454
_d22454
003 AR-CdUCM
008 190409b ||||| |||| 00| 0 spa d
020 _a9786124121197
040 _aMUNICIPALIDAD PROVINCIAL DEL CUSCO
_cBIBLIOTECA MUNICIPAL DEL CUSCO
082 _a985.019/B344
_bB344
_2segunda
100 _aBauer, Brian
_97686
245 _aEl espacio sagrado de los incas :
_bEl sistema de ceques del Cuzco /
_cBrian S. Bauer
260 _aCusco :
_bCentro de Estudios Regionales Andinos Bartolomé de las Casas,
_c2016.
300 _a255 páginas ;
_bIlustraciones, mapas ;
_c29 cm.
440 _aArchivos de Historia Andina
_n33
_930463
505 _aContenido: El manuscrito original del sistema de ceques -- Huacas -- La organización social del Cuzco y su sistema de ceques -- Las huacas y ceques del Chinchaysuyu ...
650 _aArqueología
_9371
650 _aÉpoca Prehispánica
_92714
650 _aCosmovisión andina
_95217
650 _aIncas
_9303
650 _aInkas
_91899
942 _2ddc
_cLIBROS
945 _arac